| Поле | Инд. | ПП | Название | Значение |
|---|---|---|---|---|
| Тип записи | a | |||
| Библиографический уровень | a | |||
| 001 | Контрольный номер | 02714e5464b04c2a97da3233436ae353 | ||
| 005 | Дата корректировки | 20151006100718.0 | ||
| 020 | a | ISBN | 978-5-90-428030-7 | |
| 040 | a | Служба первич. каталог. | НБ ТвГУ | |
| b | Код языка каталог. | rus | ||
| e | Правила каталог. | PSBO | ||
| 041 | 0_ | a | Код языка текста | rus |
| 097 | b | Оператор | novikova | |
| 100 | 1_ | a | Автор | Карачурина Лилия Борисовна |
| q | Полное имя | Карачурина Л. Б. | ||
| 245 | 10 | a | Заглавие | Изменение численности населения административных районов и городов России (1989-2010 гг.): центро-периферийные соотношения |
| 260 | a | Место издания | Москва | |
| b | Издательство | Кодекс | ||
| 440 | _0 | a | Серия | Научные сборники Московского филиала Географического общества |
| 504 | a | Библиография | Библиогр.: с. 104-106 и в подстроч. примеч. | |
| 520 | 0_ | a | Аннотация | Центро-периферийные взаимодействия в регионах усложняются наличием центров второго-третьего порядков, но в целом градиент работает. Четко прослеживается зависимость динамики численности населения от их удаленности от региональных столиц, малых городов и сельских населенных пунктов. |
| 653 | 0_ | a | Ключевые слова | 1989–2010 гг. |
| a | Ключевые слова | Динамика численности населения | ||
| a | Ключевые слова | Центр-периферия | ||
| a | Ключевые слова | Перепись населения | ||
| a | Ключевые слова | Закрытые административно-территориальные образования | ||
| a | Ключевые слова | Город | ||
| a | Ключевые слова | Регион | ||
| a | Ключевые слова | Административно-территориальные единицы | ||
| a | Ключевые слова | Центро-периферийный градиент | ||
| 700 | 12 | a | Другие авторы | Мкртчян Никита Владимирович |
| q | Полное имя | Мкртчян Н. В. | ||
| 773 | 18 | w | Контрольный № источника | RU/IS/BASE/463589685 |
| t | Название источника | География населения и социальная география | ||
| d | Место и дата издания | Москва : Кодекс, 2013 | ||
| g | Прочая информация | Сб. 135. - С. 82-107 | ||
| 901 | t | Тип документа | a | |
| 920 | a | Оператор | Нови |